| 000 | 00515nam a2200205Ia 4500 | ||
|---|---|---|---|
| 003 | OSt | ||
| 005 | 20230509093415.0 | ||
| 008 | 210423s1997 xx 000 0 und d | ||
| 020 | _a805305527 | ||
| 040 | _cAL | ||
| 041 | _aeng | ||
| 082 |
_a576 _223 _bALCI |
||
| 100 |
_aALCAMO (I Edward). _9100179 |
||
| 245 | _aFundamentals of microbiology. | ||
| 260 |
_aCalifornia _bAddison Wesley Longman _c1997 |
||
| 300 |
_axxiii,877 _bPB |
||
| 365 | _cINR | ||
| 906 | _aFundamentals ; microbiology | ||
| 942 |
_2ddc _cBK |
||
| 999 |
_c163910 _d163910 |
||